| 000 | 00447cam a2200181ua 4500 | ||
|---|---|---|---|
| 020 | _c$ 46.60 | ||
| 041 |
_aeng _h |
||
| 082 |
_a627.02 _bGAN/NA |
||
| 100 | _aGangstad, Edwardo . | ||
| 245 | _aNatural resourse management of water and land | ||
| 260 |
_aNew York : _bVan Nostrand Reinhold Company , _c1990. |
||
| 300 | _a192 ; . | ||
| 365 | _a$ 46.60 | ||
| 500 | _a** Reference | ||
| 504 | _a | ||
| 942 | _cBK | ||
| 999 |
_c7666 _d7666 |
||